000 00339nam a22001457a 4500
005 20250516025920.0
008 250516b |||||||| |||| 00| 0 eng d
082 _222
_a294
_bJEN
100 _aAnamuthasi, p.w
245 _aJanathawage amuthuruwo
260 _bAuthor
300 _a53 p .,
500 _aIts about Peoples Monk
942 _cL
999 _c6048
_d6048